|
|
|
|
| LEADER |
02141nam a2200553 i 4500 |
| 001 |
nkc20152754308 |
| 003 |
CZ PrNK |
| 005 |
20160927164555.0 |
| 007 |
ta |
| 008 |
151123s2015 xr a e p 000 0 cze |
| 015 |
|
|
|a cnb002754308
|
| 020 |
|
|
|a 978-80-7494-249-5
|q (brožováno)
|
| 035 |
|
|
|a (OCoLC)934901874
|
| 040 |
|
|
|a BOA001
|b cze
|e rda
|
| 072 |
|
7 |
|a 620.1/.2
|x Nauka o materiálu
|2 Konspekt
|9 19
|
| 072 |
|
7 |
|a 37.016
|x Učební osnovy. Vyučovací předměty. Učebnice
|2 Konspekt
|9 22
|
| 080 |
|
|
|a 677.4-022.532
|2 MRF
|
| 080 |
|
|
|a 620.2
|2 MRF
|
| 080 |
|
|
|a 532.5
|2 MRF
|
| 080 |
|
|
|a 677.4-022.532:678.027.4
|2 MRF
|
| 080 |
|
|
|a (075.8)
|2 MRF
|
| 100 |
1 |
|
|a Mikeš, Petr,
|d 1978 duben 2.-
|7 xx0201337
|4 aut
|
| 245 |
1 |
0 |
|a Fyzikální principy tvorby nanovláken I /
|c Petr Mikeš, David Lukáš
|
| 250 |
|
|
|a Vydání 1.
|
| 264 |
|
1 |
|a Liberec :
|b Technická univerzita v Liberci,
|c 2015
|
| 300 |
|
|
|a 63 stran :
|b ilustrace ;
|c 30 cm
|
| 336 |
|
|
|a text
|b txt
|2 rdacontent
|
| 337 |
|
|
|a bez média
|b n
|2 rdamedia
|
| 338 |
|
|
|a svazek
|b nc
|2 rdacarrier
|
| 500 |
|
|
|a Nad názvem: Technická univerzita v Liberci, Textilní fakulta, katedra netkaných textilií a nanovlákenných materiálů
|
| 504 |
|
|
|a Obsahuje bibliografie
|
| 521 |
8 |
|
|a Určeno pro studenty TUL
|
| 650 |
0 |
7 |
|a nanovlákna
|7 ph269143
|2 czenas
|
| 650 |
0 |
7 |
|a materiálové technologie
|7 ph556157
|2 czenas
|
| 650 |
0 |
7 |
|a hydrodynamika
|7 ph114737
|2 czenas
|
| 650 |
0 |
7 |
|a elektrostatické zvlákňování
|7 ph269141
|2 czenas
|
| 650 |
0 |
9 |
|a nanofibers
|2 eczenas
|
| 650 |
0 |
9 |
|a material technologies
|2 eczenas
|
| 650 |
0 |
9 |
|a hydrodynamics
|2 eczenas
|
| 650 |
0 |
9 |
|a electrospinning
|2 eczenas
|
| 655 |
|
7 |
|a učebnice vysokých škol
|7 fd133772
|2 czenas
|
| 655 |
|
9 |
|a textbooks (higher)
|2 eczenas
|
| 700 |
1 |
|
|a Lukáš, David,
|d 1958-
|7 xx0000188
|4 aut
|
| 710 |
2 |
|
|a Technická univerzita v Liberci.
|b Katedra netkaných textilií a nanovlákenných materiálů
|7 kn20140312006
|4 isb
|
| 910 |
|
|
|a BOA001
|b 4-1355.989
|
| 990 |
|
|
|a BK
|
| 995 |
|
|
|a 01
|
| 991 |
|
|
|b 201512
|c NOV
|
| 996 |
6 |
|
|b 2610651571
|c 4-1355.989
|l MZK
|r Sklad / do 1 hodiny
|n 2
|p p.v.
|w 001533298
|u 000010
|a 1
|e BOA001
|j MZK50
|s P
|